[Event "DEM U10w 2023"]
[Site "Willingen GER"]
[Date "2023.06.02"]
[Round "10"]
[White "Schirmbeck, Lilian"]
[Black "Tu, Tiffany"]
[Result "1-0"]
[Termination "normal"]
[Board "5"]
[WhiteElo "1661"]
[BlackElo "1071"]
[WhiteClock "00:29:12"]
[BlackClock "00:21:46"]
[PlyCount "95"]
[WhiteFideId "34620532"]
[BlackFideId "34628576"]
[EventCountry "GER"]
[EventRounds "11"]
[EventType "swiss"]
[EventDate "2023.05.27"]

1. e4 {[%clk 01:15:59]} {[%emt 00:00:01]} e5 {[%clk 01:15:54]} {[%emt
00:00:06]} 2. Nc3 {[%clk 01:16:24]} {[%emt 00:00:05]} Nf6 {[%clk 01:15:53]}
{[%emt 00:00:31]} 3. f4 {[%clk 01:16:48]} {[%emt 00:00:06]} Nc6 {[%clk
01:15:29]} {[%emt 00:00:52]} 4. fxe5 {[%clk 01:16:08]} {[%emt 00:01:12]} Nxe5
{[%clk 01:15:37]} {[%emt 00:00:20]} 5. d4 {[%clk 01:16:15]} {[%emt 00:00:25]}
Nc6 {[%clk 01:14:41]} {[%emt 00:01:27]} 6. e5 {[%clk 01:16:14]} {[%emt
00:00:30]} Ng8 {[%emt 00:04:53]} 7. Nf3 {[%clk 01:16:03]} {[%emt 00:00:01]} d5
{[%clk 01:06:55]} {[%emt 00:04:33]} 8. Bb5 {[%clk 01:13:55]} {[%emt 00:02:38]}
Nge7 {[%clk 01:05:18]} {[%emt 00:02:07]} 9. O-O {[%clk 01:13:42]} {[%emt
00:00:42]} a6 {[%clk 01:05:09]} {[%emt 00:00:38]} 10. Ba4 {[%emt 00:01:21]} b5
{[%clk 01:05:02]} {[%emt 00:00:34]} 11. Bb3 {[%clk 01:13:16]} {[%emt 00:00:10]}
Na5 {[%clk 01:03:50]} {[%emt 00:01:41]} 12. Ng5 {[%clk 01:11:21]} {[%emt
00:02:25]} Bf5 {[%clk 01:03:05]} {[%emt 00:01:16]} 13. g4 {[%clk 01:07:57]}
{[%emt 00:03:54]} Bg6 {[%clk 01:02:08]} {[%emt 00:01:25]} 14. e6 {[%clk
01:07:37]} {[%emt 00:00:51]} f6 {[%clk 00:57:29]} {[%emt 00:05:10]} 15. Nf7
{[%clk 01:04:57]} {[%emt 00:03:09]} Bxf7 {[%clk 00:57:21]} {[%emt 00:00:38]}
16. exf7+ {[%clk 01:05:22]} {[%emt 00:00:06]} Kxf7 {[%clk 00:57:13]} {[%emt
00:00:37]} 17. g5 {[%clk 01:05:33]} {[%emt 00:00:20]} Ke8 {[%clk 00:54:14]}
{[%emt 00:03:29]} 18. gxf6 {[%clk 01:05:12]} {[%emt 00:00:50]} gxf6 {[%clk
00:54:26]} {[%emt 00:00:18]} 19. Qh5+ {[%clk 01:04:45]} {[%emt 00:00:57]} Ng6
{[%clk 00:54:29]} {[%emt 00:00:26]} 20. Bxd5 {[%clk 01:04:21]} {[%emt
00:00:55]} c6 {[%clk 00:54:37]} {[%emt 00:00:21]} 21. Bg2 {[%clk 01:03:28]}
{[%emt 00:01:25]} Qxd4+ {[%clk 00:54:35]} {[%emt 00:00:31]} 22. Kh1 {[%clk
01:03:04]} {[%emt 00:00:55]} Qh4 {[%emt 00:14:05]} 23. Qe2+ {[%clk 00:50:52]}
{[%emt 00:00:02]} Kf7 {[%clk 00:52:03]} {[%emt 00:02:05]} 24. a3 {[%clk
00:49:10]} {[%emt 00:02:14]} Re8 {[%clk 00:50:57]} {[%emt 00:01:32]} 25. Qd1
{[%clk 00:45:00]} {[%emt 00:04:40]} Nc4 {[%clk 00:36:02]} {[%emt 00:15:29]} 26.
Bxc6 {[%clk 00:43:24]} {[%emt 00:02:06]} Bd6 {[%clk 00:34:19]} {[%emt
00:02:12]} 27. Bxe8+ {[%clk 00:43:21]} {[%emt 00:00:33]} Rxe8 {[%clk 00:33:09]}
{[%emt 00:01:39]} 28. Qd5+ {[%clk 00:43:11]} {[%emt 00:00:42]} Kg7 {[%clk
00:32:57]} {[%emt 00:00:39]} 29. Qg2 {[%clk 00:42:03]} {[%emt 00:01:41]} Qd4
{[%clk 00:30:03]} {[%emt 00:03:23]} 30. Qf2 {[%clk 00:34:40]} {[%emt 00:07:49]}
Qxf2 {[%clk 00:26:06]} {[%emt 00:04:31]} 31. Rxf2 {[%clk 00:34:42]} {[%emt
00:00:28]} Re1+ {[%clk 00:25:27]} {[%emt 00:01:10]} 32. Kg2 {[%emt 00:03:54]}
Bc5 {[%clk 00:23:42]} {[%emt 00:00:03]} 33. Bh6+ {[%clk 00:31:07]} {[%emt
00:02:53]} Kxh6 {[%clk 00:23:41]} {[%emt 00:00:30]} 34. Rxe1 {[%clk 00:31:28]}
{[%emt 00:00:11]} Bxf2 {[%clk 00:23:59]} {[%emt 00:00:10]} 35. Kxf2 {[%clk
00:31:51]} {[%emt 00:00:07]} Nxb2 {[%clk 00:23:46]} {[%emt 00:00:44]} 36. Re6
{[%clk 00:31:10]} {[%emt 00:01:11]} f5 {[%clk 00:22:08]} {[%emt 00:02:05]} 37.
Rxa6 {[%clk 00:31:31]} {[%emt 00:00:12]} f4 {[%clk 00:22:31]} {[%emt 00:00:07]}
38. Nxb5 {[%clk 00:31:27]} {[%emt 00:00:34]} Nc4 {[%clk 00:20:26]} {[%emt
00:01:25]} 39. Nd4 {[%clk 00:30:26]} {[%emt 00:02:40]} Nce5 {[%clk 00:20:27]}
{[%emt 00:00:29]} 40. a4 {[%clk 00:27:25]} {[%emt 00:03:32]} Kg5 {[%clk
00:20:18]} {[%emt 00:00:37]} 41. Nf3+ {[%clk 00:27:02]} {[%emt 00:00:54]} Nxf3
{[%clk 00:20:23]} {[%emt 00:00:25]} 42. Rxg6+ {[%clk 00:26:59]} {[%emt
00:00:34]} Kxg6 {[%clk 00:20:31]} {[%emt 00:00:22]} 43. Kxf3 {[%clk 00:27:23]}
{[%emt 00:00:06]} Kf6 {[%clk 00:20:50]} {[%emt 00:00:10]} 44. a5 {[%clk
00:27:35]} {[%emt 00:00:18]} Ke6 {[%clk 00:21:05]} {[%emt 00:00:15]} 45. a6
{[%clk 00:27:59]} {[%emt 00:00:07]} Kd7 {[%clk 00:21:23]} {[%emt 00:00:12]} 46.
a7 {[%emt 00:00:08]} Kc7 {[%clk 00:21:42]} {[%emt 00:00:08]} 47. a8=Q {[%clk
00:28:49]} {[%emt 00:00:06]} Kb6 {[%clk 00:21:46]} {[%emt 00:00:24]} 48. Qc8
{[%clk 00:29:12]} {[%emt 00:00:07]} 1-0

[Event "DEM U10w 2023"]
[Site "Willingen GER"]
[Date "2023.06.02"]
[Round "10"]
[White "Nönnig, Lotte"]
[Black "Lola, Georgia-Maria"]
[Result "1-0"]
[Termination "normal"]
[Board "6"]
[WhiteElo "1341"]
[BlackElo "1293"]
[WhiteClock "00:18:18"]
[BlackClock "00:51:21"]
[PlyCount "71"]
[WhiteFideId "34611509"]
[BlackFideId "34629335"]
[EventCountry "GER"]
[EventRounds "11"]
[EventType "swiss"]
[EventDate "2023.05.27"]

1. e4 {[%clk 01:15:57]} {[%emt 00:00:02]} e5 {[%clk 01:15:51]} {[%emt
00:00:09]} 2. Nf3 {[%clk 01:16:13]} {[%emt 00:00:13]} Nc6 {[%clk 01:16:13]}
{[%emt 00:00:09]} 3. Bc4 {[%clk 01:16:32]} {[%emt 00:00:11]} Bc5 {[%clk
01:16:34]} {[%emt 00:00:09]} 4. c3 {[%clk 01:16:41]} {[%emt 00:00:22]} Nf6
{[%clk 01:16:51]} {[%emt 00:00:12]} 5. d4 {[%clk 01:16:54]} {[%emt 00:00:17]}
exd4 {[%clk 01:17:13]} {[%emt 00:00:07]} 6. O-O {[%clk 01:16:48]} {[%emt
00:00:37]} d6 {[%clk 01:11:19]} {[%emt 00:06:24]} 7. cxd4 {[%clk 01:14:33]}
{[%emt 00:02:45]} Bb6 {[%clk 01:10:47]} {[%emt 00:01:01]} 8. h3 {[%clk
01:13:21]} {[%emt 00:01:43]} h6 {[%clk 01:09:40]} {[%emt 00:01:37]} 9. Nc3
{[%clk 01:10:34]} {[%emt 00:03:17]} O-O {[%clk 01:08:40]} {[%emt 00:01:29]} 10.
Be3 {[%clk 01:08:04]} {[%emt 00:03:01]} Re8 {[%clk 01:06:33]} {[%emt 00:02:38]}
11. Qd3 {[%emt 00:10:15]} Nb4 {[%clk 01:04:23]} 12. Qb1 {[%clk 00:59:22]}
{[%emt 00:02:06]} d5 {[%clk 01:03:54]} {[%emt 00:00:59]} 13. exd5 {[%clk
00:57:42]} {[%emt 00:02:09]} Nfxd5 {[%clk 01:03:34]} {[%emt 00:00:51]} 14. a3
{[%clk 00:52:58]} {[%emt 00:05:15]} Nxe3 {[%clk 01:03:42]} {[%emt 00:00:21]}
15. fxe3 {[%clk 00:52:32]} {[%emt 00:00:56]} Nc6 {[%clk 01:03:12]} {[%emt
00:00:59]} 16. Qd3 {[%clk 00:48:58]} {[%emt 00:04:05]} a6 {[%clk 00:57:50]}
{[%emt 00:05:52]} 17. Rae1 {[%clk 00:45:33]} {[%emt 00:03:55]} Ne7 {[%clk
00:57:11]} {[%emt 00:01:08]} 18. Ne5 {[%clk 00:40:24]} {[%emt 00:05:40]} Be6
{[%clk 00:53:58]} {[%emt 00:03:43]} 19. Bxe6 {[%clk 00:38:06]} {[%emt
00:02:48]} fxe6 {[%clk 00:54:18]} {[%emt 00:00:09]} 20. Qe4 {[%clk 00:35:32]}
{[%emt 00:03:04]} Rf8 {[%clk 00:54:06]} {[%emt 00:00:39]} 21. Qxb7 {[%clk
00:31:26]} {[%emt 00:04:40]} Ra7 {[%clk 00:53:30]} {[%emt 00:01:06]} 22. Qe4
{[%clk 00:30:13]} {[%emt 00:01:43]} Rxf1+ {[%clk 00:53:06]} {[%emt 00:00:54]}
23. Rxf1 {[%clk 00:30:20]} {[%emt 00:00:23]} c5 {[%clk 00:51:37]} {[%emt
00:01:58]} 24. Rd1 {[%clk 00:23:55]} {[%emt 00:06:55]} Rc7 {[%clk 00:51:09]}
{[%emt 00:00:54]} 25. dxc5 {[%clk 00:22:10]} {[%emt 00:02:20]} Qb8 {[%clk
00:50:29]} {[%emt 00:01:06]} 26. cxb6 {[%clk 00:21:58]} {[%emt 00:00:45]} Rc8
{[%clk 00:49:12]} {[%emt 00:01:47]} 27. Nd7 {[%clk 00:19:33]} {[%emt 00:02:56]}
Qa8 {[%clk 00:49:00]} {[%emt 00:00:41]} 28. Qxa8 {[%clk 00:18:27]} {[%emt
00:01:37]} Rxa8 {[%clk 00:49:21]} {[%emt 00:00:09]} 29. b7 {[%clk 00:18:09]}
{[%emt 00:00:49]} Nc6 {[%clk 00:49:29]} {[%emt 00:00:19]} 30. bxa8=Q+ {[%clk
00:18:23]} {[%emt 00:00:19]} Kf7 {[%clk 00:49:44]} {[%emt 00:00:14]} 31. Qxc6
{[%clk 00:18:34]} {[%emt 00:00:19]} Ke8 {[%clk 00:49:57]} {[%emt 00:00:16]} 32.
Qxe6+ {[%clk 00:18:30]} {[%emt 00:00:35]} Kd8 {[%clk 00:50:15]} {[%emt
00:00:10]} 33. Nc5+ {[%clk 00:17:24]} {[%emt 00:01:38]} Kc7 {[%clk 00:50:37]}
{[%emt 00:00:08]} 34. Qd6+ {[%clk 00:17:34]} {[%emt 00:00:20]} Kc8 {[%clk
00:50:58]} {[%emt 00:00:09]} 35. Qd7+ {[%clk 00:17:54]} {[%emt 00:00:10]} Kb8
{[%clk 00:51:21]} {[%emt 00:00:07]} 36. Qb7# {[%clk 00:18:18]} {[%emt
00:00:05]} 1-0

[Event "DEM U10w 2023"]
[Site "Willingen GER"]
[Date "2023.06.02"]
[Round "10"]
[White "Lu, Sheng"]
[Black "Tiuca, Emma"]
[Result "1-0"]
[Termination "normal"]
[Board "7"]
[WhiteElo "1227"]
[BlackElo "1149"]
[WhiteClock "01:06:39"]
[BlackClock "00:51:07"]
[PlyCount "79"]
[WhiteFideId "34628061"]
[BlackFideId "4007549"]
[EventCountry "GER"]
[EventRounds "11"]
[EventType "swiss"]
[EventDate "2023.05.27"]

1. e4 {[%clk 01:15:59]} e6 {[%clk 01:15:54]} {[%emt 00:00:06]} 2. d4 {[%clk
01:16:27]} {[%emt 00:00:03]} d5 {[%clk 01:16:13]} {[%emt 00:00:10]} 3. exd5
{[%clk 01:16:53]} {[%emt 00:00:04]} exd5 {[%clk 01:16:29]} {[%emt 00:00:12]} 4.
Bd3 {[%clk 01:17:18]} {[%emt 00:00:07]} Bd6 {[%clk 01:16:47]} {[%emt 00:00:10]}
5. Nf3 {[%clk 01:17:41]} {[%emt 00:00:09]} c5 {[%clk 01:16:14]} {[%emt
00:01:04]} 6. dxc5 {[%clk 01:17:38]} {[%emt 00:00:33]} Bxc5 {[%clk 01:16:28]}
{[%emt 00:00:12]} 7. O-O {[%clk 01:17:37]} {[%emt 00:00:34]} Be6 {[%clk
01:16:44]} {[%emt 00:00:13]} 8. Re1 {[%clk 01:17:33]} {[%emt 00:00:35]} Nf6
{[%clk 01:16:58]} {[%emt 00:00:15]} 9. Bg5 {[%clk 01:17:36]} {[%emt 00:00:28]}
O-O {[%clk 01:17:01]} {[%emt 00:00:27]} 10. Nbd2 {[%clk 01:16:41]} {[%emt
00:01:22]} Nbd7 {[%clk 01:15:53]} {[%emt 00:01:37]} 11. b3 {[%clk 01:14:46]}
{[%emt 00:02:30]} Re8 {[%clk 01:13:40]} {[%emt 00:02:39]} 12. c4 {[%clk
01:14:26]} {[%emt 00:00:54]} Qb6 {[%clk 01:08:58]} {[%emt 00:05:09]} 13. Rf1
{[%clk 01:14:26]} {[%emt 00:00:32]} Ng4 {[%clk 01:05:49]} {[%emt 00:03:35]} 14.
Bh4 {[%clk 01:13:10]} {[%emt 00:01:50]} h6 {[%clk 01:03:31]} {[%emt 00:02:47]}
15. h3 {[%clk 01:13:19]} {[%emt 00:00:21]} Nge5 {[%clk 01:03:09]} {[%emt
00:00:49]} 16. Nxe5 {[%clk 01:12:54]} {[%emt 00:00:58]} Nxe5 {[%clk 01:03:26]}
{[%emt 00:00:11]} 17. Nf3 {[%clk 01:09:53]} {[%emt 00:03:34]} Nxd3 {[%clk
01:03:09]} {[%emt 00:00:44]} 18. Qxd3 {[%clk 01:10:15]} {[%emt 00:00:10]} Rad8
{[%clk 01:02:56]} {[%emt 00:00:44]} 19. Bxd8 {[%clk 01:10:34]} {[%emt
00:00:12]} Rxd8 {[%clk 01:03:16]} {[%emt 00:00:09]} 20. cxd5 {[%clk 01:10:19]}
{[%emt 00:00:45]} Rxd5 {[%clk 01:03:25]} {[%emt 00:00:19]} 21. Qc3 {[%clk
01:09:52]} {[%emt 00:00:59]} Bb4 {[%clk 01:02:20]} {[%emt 00:01:17]} 22. Qb2
{[%clk 01:09:10]} {[%emt 00:01:31]} Bc5 {[%clk 00:59:08]} {[%emt 00:03:35]} 23.
Rad1 {[%clk 01:08:30]} {[%emt 00:01:17]} Bxf2+ {[%clk 00:56:41]} {[%emt
00:02:53]} 24. Qxf2 {[%clk 01:08:23]} {[%emt 00:00:40]} Qxf2+ {[%clk 00:56:51]}
{[%emt 00:00:17]} 25. Kxf2 {[%clk 01:08:42]} {[%emt 00:00:14]} Rc5 {[%clk
00:56:52]} {[%emt 00:00:27]} 26. Nd4 {[%clk 01:08:09]} {[%emt 00:01:06]} Bc8
{[%clk 00:56:53]} {[%emt 00:00:21]} 27. Kg1 {[%clk 01:07:20]} {[%emt 00:01:26]}
Rg5 {[%clk 00:57:03]} {[%emt 00:00:17]} 28. Kh2 {[%clk 01:07:22]} {[%emt
00:00:32]} b6 {[%clk 00:57:07]} {[%emt 00:00:23]} 29. Nc6 {[%clk 01:07:01]}
{[%emt 00:00:53]} Bb7 {[%clk 00:56:58]} {[%emt 00:00:35]} 30. Rd6 {[%clk
01:05:37]} {[%emt 00:01:58]} f6 {[%clk 00:56:21]} {[%emt 00:01:02]} 31. Rf2
{[%clk 01:04:38]} {[%emt 00:01:34]} Bxc6 {[%clk 00:55:00]} {[%emt 00:01:50]}
32. Rxc6 {[%clk 01:05:00]} {[%emt 00:00:09]} Ra5 {[%clk 00:55:12]} {[%emt
00:00:15]} 33. Rc7 {[%clk 01:05:11]} {[%emt 00:00:22]} Kh8 {[%clk 00:52:05]}
{[%emt 00:03:35]} 34. Rf3 {[%clk 01:05:10]} {[%emt 00:00:34]} Rxa2 {[%clk
00:51:44]} {[%emt 00:00:48]} 35. Rd3 {[%clk 01:05:27]} {[%emt 00:00:16]} Rb2
{[%clk 00:51:14]} {[%emt 00:00:56]} 36. Rdd7 {[%clk 01:05:44]} {[%emt
00:00:16]} Rxb3 {[%clk 00:50:34]} {[%emt 00:01:08]} 37. Rxa7 {[%clk 01:06:10]}
{[%emt 00:00:06]} b5 {[%clk 00:50:43]} {[%emt 00:00:21]} 38. Rxg7 {[%clk
01:06:27]} {[%emt 00:00:12]} b4 {[%clk 00:50:51]} {[%emt 00:00:20]} 39. Rgb7
{[%clk 01:06:46]} {[%emt 00:00:13]} Rb1 {[%clk 00:51:07]} {[%emt 00:00:13]} 40.
Rb8# {[%clk 01:06:39]} {[%emt 00:00:08]} 1-0

[Event "DEM U10w 2023"]
[Site "Willingen GER"]
[Date "2023.06.02"]
[Round "10"]
[White "Lukas, Olivia"]
[Black "Berger, Jennifer"]
[Result "0-1"]
[Termination "normal"]
[Board "8"]
[WhiteElo "1288"]
[BlackElo "1137"]
[WhiteClock "00:21:25"]
[BlackClock "00:32:41"]
[PlyCount "156"]
[WhiteFideId "34632239"]
[BlackFideId "34630074"]
[EventCountry "GER"]
[EventRounds "11"]
[EventType "swiss"]
[EventDate "2023.05.27"]

1. e4 {[%clk 01:15:57]} {[%emt 00:00:02]} c6 {[%clk 01:12:40]} {[%emt
00:03:20]} 2. d4 {[%clk 01:15:46]} {[%emt 00:00:42]} d5 {[%clk 01:12:59]}
{[%emt 00:00:11]} 3. exd5 {[%clk 01:15:46]} {[%emt 00:00:27]} cxd5 {[%clk
01:13:06]} {[%emt 00:00:26]} 4. Bd3 {[%clk 01:15:59]} {[%emt 00:00:15]} Nc6
{[%clk 01:12:55]} {[%emt 00:00:42]} 5. c3 {[%clk 01:16:10]} {[%emt 00:00:19]}
Nf6 {[%clk 01:13:05]} {[%emt 00:00:21]} 6. h3 {[%clk 01:15:38]} {[%emt
00:01:01]} e5 {[%clk 01:10:13]} {[%emt 00:03:22]} 7. dxe5 {[%clk 01:09:50]}
{[%emt 00:06:19]} Nxe5 {[%clk 01:10:35]} {[%emt 00:00:07]} 8. Bc2 {[%clk
01:09:13]} {[%emt 00:01:07]} Bd6 {[%clk 01:08:49]} {[%emt 00:02:16]} 9. Nf3
{[%clk 01:08:22]} {[%emt 00:01:21]} h6 {[%clk 01:05:39]} {[%emt 00:03:41]} 10.
O-O {[%clk 01:07:46]} {[%emt 00:01:05]} O-O {[%clk 01:06:02]} {[%emt 00:00:08]}
11. Re1 {[%clk 01:06:41]} {[%emt 00:01:35]} Re8 {[%clk 01:01:40]} {[%emt
00:04:52]} 12. Nd4 {[%clk 01:02:47]} {[%emt 00:04:23]} Nc6 {[%emt 00:06:38]}
13. Ba4 {[%clk 00:56:16]} {[%emt 00:06:56]} Bd7 {[%clk 00:52:50]} {[%emt
00:03:18]} 14. Be3 {[%clk 00:52:46]} {[%emt 00:03:59]} Nxd4 {[%clk 00:49:31]}
{[%emt 00:03:49]} 15. cxd4 {[%clk 00:52:08]} {[%emt 00:01:07]} Rc8 {[%clk
00:49:08]} {[%emt 00:00:53]} 16. Nc3 {[%clk 00:51:27]} {[%emt 00:01:12]} Bb4
{[%clk 00:45:06]} {[%emt 00:04:32]} 17. Rc1 {[%clk 00:51:01]} {[%emt 00:00:56]}
Ne4 {[%clk 00:40:25]} {[%emt 00:05:11]} 18. Bxd7 {[%clk 00:50:21]} {[%emt
00:01:10]} Qxd7 {[%clk 00:39:50]} {[%emt 00:01:05]} 19. Nxe4 {[%clk 00:47:31]}
{[%emt 00:03:20]} Bxe1 {[%clk 00:34:39]} {[%emt 00:05:41]} 20. Nc5 {[%clk
00:46:34]} {[%emt 00:01:28]} Rxc5 {[%clk 00:31:09]} {[%emt 00:04:00]} 21. Rxc5
{[%clk 00:44:51]} {[%emt 00:02:12]} Bb4 {[%clk 00:31:19]} {[%emt 00:00:20]} 22.
Rc2 {[%clk 00:44:09]} {[%emt 00:01:12]} Rc8 {[%clk 00:29:36]} {[%emt 00:02:13]}
23. Qc1 {[%clk 00:42:20]} {[%emt 00:02:19]} Rxc2 {[%clk 00:28:37]} {[%emt
00:01:30]} 24. Qxc2 {[%clk 00:40:43]} {[%emt 00:02:06]} Qc6 {[%clk 00:28:30]}
{[%emt 00:00:38]} 25. Qb3 {[%clk 00:40:03]} {[%emt 00:01:09]} Bd6 {[%clk
00:27:50]} {[%emt 00:01:03]} 26. Kf1 {[%clk 00:37:15]} {[%emt 00:03:25]} a6
{[%clk 00:27:39]} {[%emt 00:00:41]} 27. Qd1 {[%clk 00:33:21]} {[%emt 00:04:25]}
Qb5+ {[%clk 00:27:28]} {[%emt 00:00:40]} 28. Qe2 {[%clk 00:33:21]} {[%emt
00:00:31]} Qxe2+ {[%clk 00:26:55]} {[%emt 00:01:02]} 29. Kxe2 {[%clk 00:33:33]}
{[%emt 00:00:18]} Kf8 {[%clk 00:27:17]} {[%emt 00:00:08]} 30. Kd3 {[%clk
00:32:49]} {[%emt 00:01:14]} Ke7 {[%clk 00:27:05]} {[%emt 00:00:43]} 31. Kc3
{[%clk 00:30:17]} {[%emt 00:03:02]} Kd7 {[%clk 00:27:19]} {[%emt 00:00:16]} 32.
f4 {[%clk 00:27:55]} {[%emt 00:02:52]} g6 {[%clk 00:26:46]} {[%emt 00:01:01]}
33. g4 {[%clk 00:26:31]} {[%emt 00:01:55]} f5 {[%clk 00:25:34]} {[%emt
00:01:42]} 34. Kd2 {[%clk 00:23:27]} {[%emt 00:03:34]} h5 {[%clk 00:24:50]}
{[%emt 00:01:14]} 35. gxh5 {[%clk 00:21:59]} {[%emt 00:01:57]} gxh5 {[%clk
00:25:16]} {[%emt 00:00:05]} 36. Ke2 {[%clk 00:21:23]} {[%emt 00:01:06]} Kc6
{[%clk 00:22:37]} {[%emt 00:03:09]} 37. a3 {[%clk 00:18:50]} {[%emt 00:03:03]}
Kb5 {[%clk 00:22:53]} {[%emt 00:00:15]} 38. Kd3 {[%clk 00:17:33]} {[%emt
00:01:46]} Ka4 {[%clk 00:22:19]} {[%emt 00:01:05]} 39. Bc1 {[%clk 00:14:57]}
{[%emt 00:03:05]} Kb3 {[%clk 00:22:33]} {[%emt 00:00:17]} 40. h4 {[%clk
00:14:05]} {[%emt 00:01:21]} Be7 {[%clk 00:22:28]} {[%emt 00:00:35]} 41. Kd2
{[%clk 00:12:42]} {[%emt 00:01:53]} Bxh4 {[%clk 00:22:45]} {[%emt 00:00:13]}
42. Kd3 {[%clk 00:11:40]} {[%emt 00:01:33]} Bg3 {[%clk 00:23:00]} {[%emt
00:00:14]} 43. a4 {[%clk 00:11:26]} {[%emt 00:00:44]} Kxa4 {[%clk 00:22:28]}
{[%emt 00:01:02]} 44. Ke2 {[%clk 00:11:08]} {[%emt 00:00:48]} Kb3 {[%clk
00:22:46]} {[%emt 00:00:12]} 45. Kf3 {[%clk 00:11:02]} {[%emt 00:00:36]} h4
{[%clk 00:23:10]} {[%emt 00:00:07]} 46. Kg2 {[%clk 00:11:15]} {[%emt 00:00:16]}
b5 {[%clk 00:22:50]} {[%emt 00:00:51]} 47. Kh3 {[%clk 00:11:37]} {[%emt
00:00:07]} Kc2 {[%clk 00:23:12]} {[%emt 00:00:09]} 48. Be3 {[%clk 00:11:52]}
{[%emt 00:00:14]} Kxb2 {[%clk 00:23:30]} {[%emt 00:00:13]} 49. Bd2 {[%clk
00:12:01]} {[%emt 00:00:21]} Kb3 {[%clk 00:23:44]} {[%emt 00:00:16]} 50. Ba5
{[%clk 00:12:09]} {[%emt 00:00:21]} b4 {[%clk 00:24:06]} {[%emt 00:00:08]} 51.
Bd8 {[%clk 00:12:24]} {[%emt 00:00:15]} Kc2 {[%clk 00:24:05]} {[%emt 00:00:32]}
52. Bxh4 {[%clk 00:12:42]} {[%emt 00:00:08]} Bxh4 {[%clk 00:24:34]} {[%emt
00:00:04]} 53. Kxh4 {[%clk 00:13:01]} {[%emt 00:00:11]} b3 {[%clk 00:24:57]}
{[%emt 00:00:08]} 54. Kg5 {[%clk 00:13:25]} {[%emt 00:00:05]} b2 {[%clk
00:25:21]} {[%emt 00:00:06]} 55. Kxf5 {[%clk 00:13:49]} {[%emt 00:00:05]} b1=Q
{[%clk 00:25:46]} {[%emt 00:00:07]} 56. Ke6 {[%clk 00:14:03]} {[%emt 00:00:16]}
Qc1 {[%clk 00:25:54]} {[%emt 00:00:21]} 57. f5 {[%clk 00:14:24]} {[%emt
00:00:10]} Qe3+ {[%clk 00:25:48]} {[%emt 00:00:30]} 58. Kf7 {[%clk 00:14:45]}
{[%emt 00:00:14]} Kd3 {[%clk 00:25:27]} {[%emt 00:00:51]} 59. f6 {[%clk
00:15:08]} {[%emt 00:00:07]} Kxd4 {[%clk 00:25:38]} {[%emt 00:00:19]} 60. Kg8
{[%clk 00:14:57]} {[%emt 00:00:41]} Qe6+ {[%clk 00:25:48]} {[%emt 00:00:20]}
61. f7 {[%clk 00:15:06]} {[%emt 00:00:21]} Qxf7+ {[%clk 00:26:07]} {[%emt
00:00:43]} 62. Kxf7 {[%clk 00:15:16]} {[%emt 00:00:19]} Kc3 {[%clk 00:26:26]}
{[%emt 00:00:12]} 63. Ke6 {[%clk 00:15:40]} {[%emt 00:00:06]} d4 {[%clk
00:26:53]} {[%emt 00:00:03]} 64. Ke5 {[%clk 00:16:01]} {[%emt 00:00:08]} d3
{[%clk 00:27:20]} {[%emt 00:00:03]} 65. Ke4 {[%clk 00:16:20]} {[%emt 00:00:11]}
d2 {[%clk 00:27:48]} {[%emt 00:00:03]} 66. Ke5 {[%clk 00:16:40]} {[%emt
00:00:09]} d1=Q {[%clk 00:28:13]} {[%emt 00:00:06]} 67. Ke4 {[%clk 00:16:55]}
{[%emt 00:00:14]} Qd4+ {[%clk 00:28:36]} {[%emt 00:00:07]} 68. Kf5 {[%clk
00:17:17]} {[%emt 00:00:08]} Qe3 {[%clk 00:29:02]} {[%emt 00:00:04]} 69. Kf6
{[%clk 00:17:41]} {[%emt 00:00:07]} Kd4 {[%clk 00:29:26]} {[%emt 00:00:06]} 70.
Kf7 {[%clk 00:18:05]} {[%emt 00:00:04]} Kd5 {[%clk 00:29:51]} {[%emt 00:00:07]}
71. Kf8 {[%clk 00:18:29]} {[%emt 00:00:06]} Kd6 {[%clk 00:30:17]} {[%emt
00:00:04]} 72. Kf7 {[%clk 00:18:55]} {[%emt 00:00:04]} Qe7+ {[%clk 00:30:41]}
{[%emt 00:00:05]} 73. Kg6 {[%clk 00:19:17]} {[%emt 00:00:08]} Qf8 {[%clk
00:31:06]} {[%emt 00:00:05]} 74. Kg5 {[%clk 00:19:43]} {[%emt 00:00:04]} Ke5
{[%clk 00:31:31]} {[%emt 00:00:05]} 75. Kg4 {[%clk 00:20:08]} {[%emt 00:00:05]}
Qf4+ {[%clk 00:31:58]} {[%emt 00:00:03]} 76. Kh5 {[%clk 00:20:32]} {[%emt
00:00:07]} Qg3 {[%clk 00:32:21]} {[%emt 00:00:05]} 77. Kh6 {[%clk 00:20:58]}
{[%emt 00:00:06]} Kf6 {[%clk 00:32:47]} {[%emt 00:00:03]} 78. Kh7 {[%clk
00:21:25]} {[%emt 00:00:04]} Qg7+ {[%clk 00:32:41]} {[%emt 00:00:05]} 0-1